00409nam a22001337a 450000500170000000800410001704100120005808200130007010000120008324500380009526000860013330000310021965000250025020240819101507.0240819b |||||||| |||| 00| 0 eng d aEnglish a349 LAW  lEnglish aThe Law Reports: Probate Division aLondon: bThe Incorporated Council of Law Reporting for England and Wales, c1958 bxvii, 291 pages; c25 cm.  aLegal practice bLaw